La revolución inconclusa : (Record no. 79686)

MARC details
000 -CABECERA
campo de control de longitud fija 00745nam a22002173a 4500
001 - NÚMERO DE CONTROL
campo de control 000000582
005 - FECHA Y HORA DE LA ÚLTIMA TRANSACCIÓN
campo de control 20210223124049.0
008 - ELEMENTOS DE LONGITUD FIJA--INFORMACIÓN GENERAL
campo de control de longitud fija 010406s1974 mx fr 000 0 spa d
035 ## - NÚMERO DE CONTROL DEL SISTEMA
Número de control de sistema UPN01000105773
049 ## - COLECCIÓN
Colección CG
050 #4 - SIGNATURA TOPOGRÁFICA DE LA BIBLIOTECA DEL CONGRESO
Número de clasificación DK265
Número de documento/Ítem D4.78 1974
100 1# - ASIENTO PRINCIPAL--NOMBRE PERSONAL
Nombre de persona Deutscher, Isaac,
Fechas asociadas al nombre 1907-1967
9 (RLIN) 28070
245 13 - MENCIÓN DE TÍTULO
Título La revolución inconclusa :
Resto del título 50 años de historia soviética, 1917-1967 /
Mención de responsabilidad, etc. Isaac Deutscher ; tr. José Luis González.
250 ## - MENCIÓN DE EDICIÓN
Mención de edición 4a ed.
260 ## - PUBLICACIÓN, DISTRIBUCIÓN, ETC.
Lugar de publicación, distribución, etc. México :
Nombre del editor, distribuidor, etc. Era,
Fecha de publicación, distribución, etc. 1974.
300 ## - DESCRIPCIÓN FÍSICA
Extensión 132 p.
440 #3 - MENCIÓN DE SERIE/ASIENTO SECUNDARIO--TÍTULO
Título El hombre y su tiempo
500 ## - NOTA GENERAL
Nota general "Conferencias "George Macaulay Trevelyan" pronunciadas en la Universidad de Cambridge enero-marzo de 1967"
651 #4 - ASIENTO SECUNDARIO DE MATERIA - NOMBRE GEOGRAFICO
Nombre geográfico RUSIA -
Subdivisión general HISTORIA -
Subdivisión cronológica 1917-1967
905 ## - TIPO DE MATERIAL
Tipo de material Libro
Holdings
Estado de retiro Estado de pérdida Fuente del sistema de clasificación o colocación Estado dañado No para préstamo Código de colección Localización permanente Ubicación/localización actual Ubicación en estantería Enumeración/cronología de publicación seriada Total de préstamos Clasificación Código de barras Fecha visto por última vez Número de copia Tipo de ítem Koha
    Library of Congress Classification     Colección General Bib. Gregorio Torres Quintero Bib. Gregorio Torres Quintero Planta baja - 2 DK265 D4.78 1974 29928 31/12/2020 1 Libro